Market and furniture production made of rattan in chamkamon district phnom penh, ទីផ្សារ និងផលិតកម្មគ្រឿងសង្ហារឹមធ្វើពីផ្ដៅនៅខណ្ឌចំការមន រាជធានីភ្នំពេញ (Record no. 3191)

000 -LEADER
fixed length control field 00647nam a22001577a 4500
003 - CONTROL NUMBER IDENTIFIER
control field OSt
005 - DATE AND TIME OF LATEST TRANSACTION
control field 20151105162639.0
008 - FIXED-LENGTH DATA ELEMENTS--GENERAL INFORMATION
fixed length control field 151105b xxu||||| |||| 00| 0 eng d
040 ## - CATALOGING SOURCE
Transcribing agency RUA
082 ## - DEWEY DECIMAL CLASSIFICATION NUMBER
Classification number FOR THU 2000 B126 Or.1
100 ## - MAIN ENTRY--PERSONAL NAME
9 (RLIN) 3421
Personal name THUN, SORIYA.
245 ## - TITLE STATEMENT
Title Market and furniture production made of rattan in chamkamon district phnom penh, ទីផ្សារ និងផលិតកម្មគ្រឿងសង្ហារឹមធ្វើពីផ្ដៅនៅខណ្ឌចំការមន រាជធានីភ្នំពេញ
260 ## - PUBLICATION, DISTRIBUTION, ETC. (IMPRINT)
Place of publication, distribution, etc. Phnom Penh
Name of publisher, distributor, etc. RUA
Date of publication, distribution, etc. 2000
300 ## - PHYSICAL DESCRIPTION
Extent 59p.
Other physical details ill.
Dimensions 29cm.
942 ## - ADDED ENTRY ELEMENTS (KOHA)
Source of classification or shelving scheme
Koha item type FOR
Holdings
Price effective from Date last seen Permanent Location Not for loan Date acquired Source of classification or shelving scheme Koha item type Barcode Lost status Damaged status Shelving location Withdrawn status Current Location Full call number
2015-11-052015-11-05Library Block B 2015-11-05 FORRUA032455  B126 Library Block BFOR THU 2000 B126 Or.1
2015-11-052015-11-05Library Block B 2015-11-05 FORRUA032395  B126 Library Block BFOR THU 2000 B126 Or.2
2015-11-062015-11-06Library Block B 2015-11-06 FORRUA002406  B126 Library Block BFOR THU 2000 B126 Or.3
2015-11-062015-11-06Library Block B 2015-11-06 FORRUA002478  B126 Library Block BFOR THU 2000 B126 Or.4
មជ្ឈមណ្ឌលឯការនៃសាកលវិទ្យាល័យភូមិន្ទកសិកម្មចំការដូង

Powered by Koha